Lessons D’onthographe appliquee
محفوظ في:
| المؤلف الرئيسي: | |
|---|---|
| التنسيق: | كتاب |
| منشور في: |
Paro.
1984
|
| الموضوعات: | |
| الوسوم: |
إضافة وسم
لا توجد وسوم, كن أول من يضع وسما على هذه التسجيلة!
|
| Thư viện lưu trữ: | Mạng thư viện Đại học Đà Nẵng |
|---|
| LEADER | 00835nam a22002531a 4500 | ||
|---|---|---|---|
| 001 | 000036472 | ||
| 003 | 12767 | ||
| 005 | 20221121105657.0 | ||
| 008 | 160408s1984 000 | ||
| 082 | |a 440 |b MI-J | ||
| 100 | |a Michel, Jacques | ||
| 245 | 0 | |a Lessons D’onthographe appliquee |a Jacques Michel. | |
| 260 | |c 1984 |a Paro. | ||
| 300 | |a 142tr. : ; |c 24cm. | ||
| 653 | |a D’onthographe appliquee |a appliquee | ||
| OWN | |a LNN | ||
| AVA | |a UDN50 |b LNN |c French |d 440MI-J |e available |t Error 5001 Not defined in file expand_doc_bib_avail. |f 1 |g 0 |h N |i 0 |j PN | ||
| 999 | |a From the UDN01 | ||
| AVA | |a UDN50 |b LNN |c French |d 440MI-J |e available |t Error 5001 Not defined in file expand_doc_bib_avail. |f 1 |g 0 |h N |i 0 |j PN | ||
| TYP | |a Monograph | ||
| 980 | |a Mạng thư viện Đại học Đà Nẵng | ||